00923cam a2200229 a 4500001000800000005001700008008004100025020002900066020003600095040001600131082002100147100002500168245007100193260012700264300001300391500011900404650002900523650002900552942000600581952009300587999001300680100013820240222061520.0861121s1986 ii b 000 0 eng c a0862322642 (Zed Books) : a0862322650 (Zed Books : pbk.) : aMHcMHdDLC00a322.4.219bFEM.1 aJayawardena, Kumari.10aFeminism and nationalism in the Third World /cKumari Jayawardena. aNew Delhi :bKali for Women ;aLondon :bZed Books ;aTotowa, N.J. :bU.S. Distributor, Biblio Distribution Center,c1986. a275 p. ; aRevised and expanded version of: Feminism and nationalism in the Third World in the 19th and early 20th centuries. 0aNationalism and feminism 0aNationalism and feminism cL 001040708LaWERCLbWERCLd2024-02-22l0o322.4. FEM.p4863r2024-02-22w2024-02-22yL c479d479